Name that Palindrome! - Statistics

General Stats
  • This quiz has been taken 87 times
  • The average score is 7 of 10
Answer Stats
Hint Answer % Correct
The time that is often considered the middle of the day... noon
98%
The person who birthed you... Mom
91%
A boat that needs to be paddled... kayak
89%
The sound a balloon makes when it's time has run out... pop
84%
A document that states ownership of a property... deed
71%
If you get enough points on JetPunk you move up a... level
64%
Police use this to help them hand out speeding tickets... radar
58%
A marshmallowy treat you can find around Easter time... Peep
50%
A small Honda sedan... Civic
49%
These are kept at sporting events to tell how well individual/team do... stats
26%
No matching quizzes found
Score Distribution
Percent of People with Each Score
Percentile by Number Answered
Your Score History
You have not taken this quiz